[Event "21st Panam-ch"]
[Site "Mar del Plata ARG"]
[Date "2012.10.15"]
[Round "5.51"]
[White "Mellano, Santiago"]
[Black "Aberbach, Angel"]
[Result "1-0"]
[WhiteElo "2242"]
[BlackElo "2023"]
[EventDate "2012.10.12"]
[PlyCount "73"]

1.d4 d5 2.c4 c6 3.Nf3 e6 4.g3 f5 5.Bg2 Nf6 6.O-O Bd6 7.b3 Qe7 8.Nc3 O-O 9.
Na4 b5 10.Nb2 a5 11.Nd3 Ne4 12.Qc2 Nd7 13.Bf4 bxc4 14.bxc4 Ba6 15.Bxd6 
Nxd6 16.c5 Nc4 17.Qc3 Rfe8 18.Rfb1 a4 19.Rb4 Bb5 20.Bf1 e5 21.dxe5 Nxc5 
22.Nxc5 Qxc5 23.e3 Qe7 24.Rc1 Reb8 25.Rcb1 Re8 26.Bxc4 Bxc4 27.Rb7 Qe6 28.
R1b6 Ra6 29.a3 Rxb6 30.Rxb6 h6 31.Qb2 Bb5 32.Qb4 Bd3 33.Qd6 Qxd6 34.exd6 
c5 35.Ne5 c4 36.Rc6 f4 37.d7 1-0

[Event "21st Panam-ch"]
[Site "Mar del Plata ARG"]
[Date "2012.10.15"]
[Round "5.52"]
[White "Bouwman, Marcelo Wanderley"]
[Black "Evans, Pablo"]
[Result "1-0"]
[WhiteElo "2233"]
[BlackElo "2017"]
[EventDate "2012.10.12"]
[PlyCount "93"]

1.e4 b6 2.d4 Bb7 3.Nc3 e6 4.Bd3 Bb4 5.Ne2 c5 6.Be3 c4 7.Bxc4 Bxe4 8.O-O 
Nf6 9.Bg5 Bb7 10.d5 Qc7 11.Qd3 Ng4 12.Bf4 Ne5 13.Qg3 Qxc4 14.Bxe5 Na6 15.
b3 Qc5 16.Bxg7 Rg8 17.Ne4 Qxc2 18.Nf6+ Ke7 19.Nxg8+ Rxg8 20.Nf4 Qf5 21.
Qh4+ Ke8 22.Nh5 Be7 23.Bf6 Bxd5 24.f3 Bxf3 25.Rf2 Rg4 26.Bxe7 Rxh4 27.Ng7+
Kxe7 28.Nxf5+ exf5 29.Rxf3 Kf6 30.Raf1 Rh5 31.g4 Rg5 32.Rxf5+ Rxf5 33.
Rxf5+ Kg6 34.Rd5 Nb4 35.Rd2 f6 36.a3 Na6 37.b4 Nb8 38.b5 Kf7 39.Rc2 d5 40.
Rc7+ Ke6 41.Rxh7 Nd7 42.Rxd7 Kxd7 43.Kf2 Ke6 44.Ke3 Ke5 45.h4 d4+ 46.Kd3 
Kf4 47.h5 1-0

[Event "21st Panam-ch"]
[Site "Mar del Plata ARG"]
[Date "2012.10.15"]
[Round "5.53"]
[White "Jorquera Alfaro, Mauricio"]
[Black "Anino, Sergio"]
[Result "0-1"]
[WhiteElo "2036"]
[BlackElo "2226"]
[EventDate "2012.10.12"]
[PlyCount "46"]

1.d4 Nf6 2.c4 c5 3.Nf3 cxd4 4.Nxd4 e5 5.Nb5 d5 6.cxd5 Bc5 7.e3 O-O 8.N5c3 
e4 9.Be2 Bf5 10.O-O Nbd7 11.Nd2 Re8 12.Nb3 Bd6 13.Nd4 Bg6 14.f4 exf3 15.
gxf3 Rc8 16.e4 Qc7 17.Rf2 a6 18.Be3 Nh5 19.Ncb5 axb5 20.Nxb5 Qb8 21.Ba7 
Bxh2+ 22.Rxh2 Qf4 23.Be3 Qxe3+ 0-1

[Event "21st Panam-ch"]
[Site "Mar del Plata ARG"]
[Date "2012.10.15"]
[Round "5.54"]
[White "Assumpcao, Roberto"]
[Black "Sampaio, Leonardo de Souza Prallon"]
[Result "1/2-1/2"]
[WhiteElo "2218"]
[BlackElo "1976"]
[EventDate "2012.10.12"]
[PlyCount "86"]

1.e4 c5 2.Nf3 Nc6 3.Bb5 Na5 4.c3 a6 5.Ba4 b5 6.Bc2 e6 7.O-O Nf6 8.e5 Nd5 
9.d4 cxd4 10.cxd4 Bb7 11.a3 Be7 12.Nbd2 O-O 13.Ne4 f5 14.exf6 Nxf6 15.Ng3 
Rc8 16.Bd3 Bd5 17.Be3 Bc4 18.Ne5 Bxd3 19.Qxd3 Nc4 20.Nxc4 bxc4 21.Qe2 Qa5 
22.Rfc1 Qd5 23.Rc3 Rc6 24.Rac1 Rfc8 25.f3 Bd8 26.Bf2 Qb5 27.Ne4 Nd5 28.
R3c2 Nf4 29.Qd2 Nd3 30.Rd1 d5 31.Nc3 Qb3 32.Qe2 Nf4 33.Qd2 Bg5 34.Kf1 Nd3 
35.Qe2 Rb6 36.Nxd5 exd5 37.Rxd3 Qb5 38.Rdc3 Re8 39.Qd1 Rbe6 40.g3 Bd8 41.
Qc1 Ba5 42.Re3 Rxe3 43.Bxe3 Qb3 1/2-1/2

[Event "21st Panam-ch"]
[Site "Mar del Plata ARG"]
[Date "2012.10.15"]
[Round "5.55"]
[White "Paniagua Chnelik, Sebastian"]
[Black "Lopez Miller, Indalecio"]
[Result "1-0"]
[WhiteElo "2204"]
[BlackElo "1940"]
[EventDate "2012.10.12"]
[PlyCount "71"]

1.d4 Nf6 2.c4 c5 3.d5 b5 4.cxb5 a6 5.bxa6 g6 6.Nc3 Bxa6 7.Nf3 Bg7 8.g3 O-O
9.Bg2 d6 10.O-O Nbd7 11.Rb1 Qa5 12.Qc2 Rfb8 13.Rd1 Nb6 14.b3 Bb7 15.Nh4 
Nfd7 16.Bd2 Bxc3 17.Bxc3 Qxa2 18.Qc1 f6 19.Qe3 Re8 20.Rb2 Qa7 21.Nf3 Bc8 
22.h4 Kg7 23.h5 Ne5 24.Nxe5 fxe5 25.f4 Nd7 26.fxe5 dxe5 27.Bxe5+ Kg8 28.
Bc3 Qb6 29.Qe6+ Qxe6 30.dxe6 Nb6 31.Bxa8 Nxa8 32.hxg6 hxg6 33.e4 Nc7 34.
Rh2 Bxe6 35.Rh8+ Kf7 36.Rf1+ 1-0

[Event "21st Panam-ch"]
[Site "Mar del Plata ARG"]
[Date "2012.10.15"]
[Round "5.56"]
[White "Sanchez Sandoval, Gonzalo"]
[Black "Miranda Junior, Roberto Calheiros"]
[Result "1-0"]
[WhiteElo "2029"]
[BlackElo "2200"]
[EventDate "2012.10.12"]
[PlyCount "79"]

1.e4 c5 2.Nf3 Nc6 3.Bb5 g6 4.c3 Bg7 5.d4 cxd4 6.cxd4 Nf6 7.Nc3 a6 8.Ba4 b5
9.Bb3 O-O 10.a3 Na5 11.Ba2 Bb7 12.d5 Rc8 13.Nd2 Ne8 14.O-O Nd6 15.f4 Qb6+ 
16.Kh1 Nac4 17.Nxc4 Nxc4 18.Rf3 d6 19.Qe1 Rc7 20.b3 Na5 21.Bb2 Bc8 22.Rc1 
Bd7 23.h3 Rfc8 24.e5 dxe5 25.fxe5 Be8 26.Rd1 b4 27.Na4 Bxa4 28.axb4 Nc4 
29.Bd4 Qb5 30.bxc4 Rxc4 31.Bxc4 Rxc4 32.Rdd3 Rxb4 33.Qe4 Bc2 34.d6 Bxd3 
35.Rxd3 h6 36.dxe7 Kh7 37.e6 fxe6 38.Qxe6 Qxd3 39.e8=Q Qf1+ 40.Bg1 1-0

[Event "21st Panam-ch"]
[Site "Mar del Plata ARG"]
[Date "2012.10.15"]
[Round "5.57"]
[White "Andrade, Roberto Luiz Costa"]
[Black "Brizzi, Victor Emmanuel"]
[Result "0-1"]
[WhiteElo "2187"]
[BlackElo "1930"]
[EventDate "2012.10.12"]
[PlyCount "84"]

1.e4 c5 2.Nf3 g6 3.d4 cxd4 4.Nxd4 Nc6 5.c4 Nf6 6.Nc3 Nxd4 7.Qxd4 d6 8.Be2 
Bg7 9.Be3 O-O 10.Qd2 a5 11.O-O a4 12.Rab1 Qa5 13.f3 Be6 14.Rfc1 Rfc8 15.
Nb5 Qxd2 16.Bxd2 Nd7 17.Be3 Ne5 18.Na3 Nc6 19.Nc2 f5 20.b4 axb3 21.axb3 
Ra2 22.Bf1 fxe4 23.fxe4 h6 24.h3 g5 25.Ne1 Nd4 26.Bxd4 Bxd4+ 27.Kh1 Rf8 
28.Bd3 Rff2 29.Rc2 Raxc2 30.Nxc2 Be5 31.Nb4 g4 32.hxg4 Bxg4 33.c5 Kg7 34.
Bc4 Be2 35.c6 Rf4 36.Kg1 Bd4+ 37.Kh2 Rh4+ 38.Kg3 Rg4+ 39.Kh3 Bf2 40.g3 
Rxg3+ 41.Kh2 Bf3 42.cxb7 Rg2+ 0-1

[Event "21st Panam-ch"]
[Site "Mar del Plata ARG"]
[Date "2012.10.15"]
[Round "5.58"]
[White "Pardo Agudelo, Alejandro"]
[Black "Arias, Juan Cruz"]
[Result "1-0"]
[WhiteElo "2181"]
[BlackElo "1899"]
[EventDate "2012.10.12"]
[PlyCount "75"]

1.d4 e6 2.e4 d5 3.Nd2 Nf6 4.e5 Nfd7 5.Bd3 c5 6.c3 Nc6 7.Ne2 cxd4 8.cxd4 f6
9.exf6 Nxf6 10.O-O Bd6 11.Nf3 O-O 12.Bf4 Bxf4 13.Nxf4 Ne4 14.g3 Qf6 15.h4 
h6 16.Bxe4 dxe4 17.Ne5 Rd8 18.Nxc6 bxc6 19.Qc2 g5 20.Ng2 Ba6 21.Rfd1 Bd3 
22.Qc5 Rd5 23.hxg5 Rxg5 24.Qxc6 Rf8 25.Rd2 Rf5 26.Ne3 Rxf2 27.Ng4 Rxd2 28.
Nxf6+ Rxf6 29.Rc1 Kg7 30.Qd7+ Kg6 31.Qe8+ Kg5 32.Qg8+ Kh5 33.Rc5+ Rf5 34.
g4+ Kh4 35.gxf5 exf5 36.Rxf5 Rd1+ 37.Kg2 Rd2+ 38.Rf2 1-0

[Event "21st Panam-ch"]
[Site "Mar del Plata ARG"]
[Date "2012.10.15"]
[Round "5.59"]
[White "Bianchi, Augusto"]
[Black "Souza Neves, Andrey"]
[Result "0-1"]
[WhiteElo "1903"]
[BlackElo "2147"]
[EventDate "2012.10.12"]
[PlyCount "66"]

1.e4 c5 2.c3 d6 3.Nf3 Nf6 4.Be2 g6 5.O-O Bg7 6.Re1 O-O 7.Bf1 Nc6 8.h3 e5 
9.d4 Qc7 10.a4 a6 11.Na3 exd4 12.cxd4 Re8 13.d5 Nb4 14.Bd3 Bd7 15.Nc4 b5 
16.axb5 axb5 17.Rxa8 Rxa8 18.Na3 Rb8 19.Qe2 Nxd3 20.Qxd3 Ne8 21.Nd2 c4 22.
Qe2 c3 23.bxc3 Qxc3 24.Qe3 Qxe3 25.Rxe3 Rc8 26.Nb3 b4 27.Nb1 Ba4 28.Bd2 
Rc2 29.Bxb4 Rb2 30.N1d2 Bh6 31.Ba3 Ra2 32.Bc1 Bxe3 33.fxe3 Rc2 0-1

[Event "21st Panam-ch"]
[Site "Mar del Plata ARG"]
[Date "2012.10.15"]
[Round "5.61"]
[White "Espindola, Juan Carlos"]
[Black "Pineiro, Dario"]
[Result "0-1"]
[WhiteElo "1891"]
[BlackElo "2141"]
[EventDate "2012.10.12"]
[PlyCount "76"]

1.Nf3 d6 2.g3 f5 3.b3 Nf6 4.Bb2 e5 5.d3 g6 6.Bg2 Bg7 7.Nbd2 Nc6 8.O-O O-O 
9.c4 Qe8 10.e4 f4 11.Re1 Nh5 12.Nf1 Qf7 13.N3d2 fxg3 14.fxg3 Qf2+ 15.Kh1 
Nb4 16.Qb1 Bg4 17.Bc3 Nc6 18.Ne3 Be2 19.Nef1 Bh6 20.a3 Bxd2 21.Nxd2 g5 22.
Nf1 Bf3 23.Bxf3 Qxf3+ 24.Kg1 Rf6 25.Ra2 Raf8 26.Qd1 Nd4 27.Bxd4 exd4 28.
Rc2 Ng7 29.Qe2 Ne6 30.b4 g4 31.Qxf3 Rxf3 32.Rd1 Kg7 33.Kg2 Ng5 34.Re1 Rxd3
35.Rce2 Rxa3 36.e5 dxe5 37.Rxe5 Ra2+ 38.Kh1 Raf2 0-1

[Event "21st Panam-ch"]
[Site "Mar del Plata ARG"]
[Date "2012.10.15"]
[Round "5.63"]
[White "Villegas, Franco"]
[Black "Ferreira, Kleber Victor"]
[Result "1-0"]
[WhiteElo "1852"]
[BlackElo "2121"]
[EventDate "2012.10.12"]
[PlyCount "83"]

1.e4 e5 2.Nf3 Nc6 3.Bc4 Bc5 4.d3 h6 5.h3 d6 6.c3 Qf6 7.b4 Bb6 8.a4 a6 9.
Bb3 Nge7 10.Nbd2 O-O 11.Nc4 Ba7 12.b5 Nd8 13.d4 Ng6 14.Ba3 Re8 15.dxe5 
dxe5 16.Ne3 Nf4 17.Nd5 Nxd5 18.Bxd5 a5 19.O-O Ne6 20.Bxe6 Bxe6 21.Qe2 Rad8
22.c4 Rd7 23.Rfd1 Red8 24.Rxd7 Rxd7 25.c5 Bb3 26.Qe1 Bb8 27.Qxa5 c6 28.Qa8
Qd8 29.bxc6 bxc6 30.Rb1 Ra7 31.Qxc6 Bxa4 32.Qb6 Qxb6 33.cxb6 Rb7 34.Bc5 
Bc6 35.Nd2 f6 36.f3 Kf7 37.Nc4 Rd7 38.Na5 Bb7 39.Bb4 Ke8 40.Nb3 Bd6 41.
Bxd6 Rxd6 42.Nc5 1-0

[Event "21st Panam-ch"]
[Site "Mar del Plata ARG"]
[Date "2012.10.15"]
[Round "5.64"]
[White "Maldonado, Federico"]
[Black "Leskovar, Matias"]
[Result "1/2-1/2"]
[WhiteElo "1973"]
[BlackElo "2283"]
[EventDate "2012.10.12"]
[PlyCount "124"]

1.d4 d5 2.Bg5 h6 3.Bf4 Nf6 4.e3 Bf5 5.c4 e6 6.Nc3 c6 7.Qb3 Qc8 8.Nf3 Nbd7 
9.h3 Be7 10.Be2 Ne4 11.Ne5 a6 12.Nxd7 Qxd7 13.c5 Bh4 14.Nxe4 Bxe4 15.Bf3 
Bxf3 16.gxf3 O-O 17.O-O-O Rae8 18.Rhg1 Kh8 19.Rg4 Bf6 20.Rdg1 Rg8 21.Qc3 
Qe7 22.Bd6 Qd7 23.e4 b6 24.e5 Bd8 25.Qe3 bxc5 26.Bxc5 f5 27.Rg6 Qf7 28.
R6g2 f4 29.Qd3 Be7 30.Bb6 g5 31.b3 Rc8 32.Kb2 c5 33.dxc5 Bxc5 34.Bxc5 Rxc5
35.h4 Qc7 36.Re1 Rc8 37.Re2 Qh7 38.Qxh7+ Kxh7 39.hxg5 Rg8 40.g6+ Rxg6 41.
Rg4 Rxg4 42.fxg4 Kg6 43.a4 Kg5 44.f3 d4 45.Re4 d3 46.Rd4 Rxe5 47.Rxd3 Kh4 
48.b4 Kg3 49.Kc3 Rd5 50.Rxd5 exd5 51.b5 axb5 52.axb5 Kxf3 53.b6 Kg2 54.b7 
f3 55.b8=Q f2 56.Qb2 Kg1 57.Qb6 Kg2 58.Qb2 Kg1 59.Qb6 Kg2 60.Qxh6 f1=Q 61.
Qd2+ Kg3 62.Qxd5 Kxg4 1/2-1/2

[Event "21st Panam-ch"]
[Site "Mar del Plata ARG"]
[Date "2012.10.15"]
[Round "5.67"]
[White "Hernandez Amura, Gilberto"]
[Black "Barea, Luis"]
[Result "0-1"]
[WhiteElo "1851"]
[BlackElo "2245"]
[EventDate "2012.10.12"]
[PlyCount "80"]

1.e4 e6 2.d4 d5 3.Nc3 Bb4 4.exd5 exd5 5.Bd3 Ne7 6.a3 Bxc3+ 7.bxc3 Bf5 8.
Nf3 Nbc6 9.O-O Qd7 10.Bf4 f6 11.c4 Bxd3 12.Qxd3 dxc4 13.Qxc4 g5 14.Bxc7 
Qxc7 15.d5 O-O-O 16.dxc6 Qxc6 17.Qb3 Ng6 18.a4 Nf4 19.Qb5 Rhe8 20.Qxc6+ 
bxc6 21.g3 g4 22.Nh4 Nh3+ 23.Kg2 Re2 24.Rae1 Rxc2 25.Rc1 Rdd2 26.Rxc2 Rxc2
27.Nf5 h5 28.Ng7 Rc4 29.Re1 Kd7 30.Ne6 Rc2 31.Nf8+ Kd6 32.Rf1 c5 33.Ng6 c4
34.Nf4 Nxf4+ 35.gxf4 c3 36.Kg3 Rd2 37.Rc1 Rd3+ 38.Kg2 Kd5 39.a5 Kc4 40.a6 
Rd6 0-1

[Event "21st Panam-ch"]
[Site "Mar del Plata ARG"]
[Date "2012.10.15"]
[Round "5.68"]
[White "Ayala, Gustavo"]
[Black "Batista, Gerson Peres"]
[Result "0-1"]
[WhiteElo "1955"]
[BlackElo "2233"]
[EventDate "2012.10.12"]
[PlyCount "66"]

1.e4 c5 2.Nf3 g6 3.d4 cxd4 4.Nxd4 Nc6 5.Be3 Bg7 6.Nc3 Nf6 7.Nxc6 bxc6 8.e5
Ng8 9.Bd4 Nh6 10.g4 O-O 11.h3 Qa5 12.f4 c5 13.Be3 Bb7 14.Rh2 d6 15.Qd2 
dxe5 16.f5 Rfd8 17.Qc1 Nxf5 18.gxf5 gxf5 19.Bh6 f4 20.Bxg7 Kxg7 21.Bg2 
Rab8 22.Bxb7 Rxb7 23.Rd2 Rbd7 24.Rxd7 Rxd7 25.Kf2 Rd6 26.Qe1 c4 27.Rd1 Rg6
28.Qe2 Rg3 29.Kf1 Qc5 30.Qf2 Qc6 31.Ke2 Qg6 32.Qc5 Qxc2+ 33.Ke1 Re3+ 0-1

[Event "21st Panam-ch"]
[Site "Mar del Plata ARG"]
[Date "2012.10.15"]
[Round "5.69"]
[White "Arias, Juan Carlos"]
[Black "March, Diego"]
[Result "1-0"]
[WhiteElo "2215"]
[BlackElo "1822"]
[EventDate "2012.10.12"]
[PlyCount "84"]

1.d4 d5 2.Nf3 Nf6 3.c4 dxc4 4.e3 c5 5.Bxc4 cxd4 6.O-O e6 7.exd4 Bd6 8.Nc3 
O-O 9.Nb5 a6 10.Nxd6 Qxd6 11.a4 b6 12.b3 Rd8 13.Bb2 Nd5 14.Ne5 Qe7 15.Qe2 
Bb7 16.f4 f6 17.Nd3 Nc6 18.Rae1 Re8 19.Qxe6+ Qxe6 20.Rxe6 Rxe6 21.Bxd5 Nd8
22.Bxe6+ Nxe6 23.Re1 Kf7 24.a5 bxa5 25.f5 Nc7 26.Nc5 Bd5 27.Bc3 Re8 28.
Bxa5 Nb5 29.Rxe8 Kxe8 30.Nxa6 Bxb3 31.Bb6 Kd7 32.Nb4 Bd1 33.h3 h5 34.Bc5 
Nd6 35.Kf2 Bb3 36.g3 Bf7 37.Ke3 Be8 38.Kf4 Bf7 39.Ke3 Bc4 40.h4 Bf1 41.Nd3
Bh3 42.Nf4 Bg4 1-0

[Event "21st Panam-ch"]
[Site "Mar del Plata ARG"]
[Date "2012.10.15"]
[Round "5.70"]
[White "Restuccia, Francisco"]
[Black "Rodriguez, Carolina"]
[Result "1-0"]
[WhiteElo "2118"]
[BlackElo "1776"]
[EventDate "2012.10.12"]
[PlyCount "85"]

1.e4 c6 2.d4 d5 3.e5 Bf5 4.c4 dxc4 5.Bxc4 e6 6.Nc3 Nd7 7.Nge2 Nb6 8.Bb3 
Ne7 9.Ng3 Bg6 10.h4 h6 11.h5 Bh7 12.Be3 Ned5 13.Qg4 Qd7 14.O-O O-O-O 15.
Bd2 Nb4 16.a3 Nd3 17.Nce4 Bxe4 18.Nxe4 Qxd4 19.Bc3 Nxe5 20.Qh4 g5 21.hxg6 
Nxg6 22.Bxd4 Nxh4 23.Bxh8 Be7 24.Bf6 Bxf6 25.Nxf6 Nd5 26.Bxd5 cxd5 27.
Rac1+ Kb8 28.Rc3 d4 29.Rh3 Nf5 30.g4 Nd6 31.Rxh6 Nc4 32.Ne4 d3 33.Nc3 d2 
34.Nd1 Kc7 35.Rf6 Rd7 36.Rf4 Ne5 37.Kg2 Nd3 38.Rc4+ Kb6 39.Rh1 f5 40.g5 e5
41.Rh6+ Ka5 42.Nc3 b6 43.Ra4# 1-0

[Event "21st Panam-ch"]
[Site "Mar del Plata ARG"]
[Date "2012.10.15"]
[Round "5.71"]
[White "San Martin Basualto, Epiro"]
[Black "Zalimben, Maria Luz"]
[Result "1-0"]
[WhiteElo "2114"]
[BlackElo "1714"]
[EventDate "2012.10.12"]
[PlyCount "85"]

1.d4 Nf6 2.c4 g6 3.Nc3 Bg7 4.e4 d6 5.f3 O-O 6.Bg5 h6 7.Be3 Nbd7 8.Qd2 Kh7 
9.Nh3 e5 10.d5 Ne8 11.g4 f5 12.exf5 gxf5 13.O-O-O Nc5 14.g5 f4 15.Bxc5 
dxc5 16.gxh6 Bxh6 17.Ne4 b6 18.Rg1 Nd6 19.Nhg5+ Kh8 20.Qc3 Qe7 21.Bd3 Nf5 
22.Ne6 Bxe6 23.Qxe5+ Bg7 24.Qxe6 Qxe6 25.dxe6 Rae8 26.Ng5 Nd4 27.Rg4 Rf6 
28.Rdg1 Re7 29.Nf7+ Rexf7 30.exf7 Rxf7 31.Rf1 Be5 32.Rg5 Bf6 33.Rg6 Bg7 
34.h4 Re7 35.h5 Re3 36.h6 Be5 37.Be4 Ne2+ 38.Kb1 Ng3 39.Rd1 Nxe4 40.fxe4 
Rxe4 41.Re6 Re2 42.Rd8+ Kh7 43.Rd7+ 1-0

[Event "21st Panam-ch"]
[Site "Mar del Plata ARG"]
[Date "2012.10.15"]
[Round "5.72"]
[White "Vazquez Massaro, Maximiliano"]
[Black "Maggiori, Luciano"]
[Result "1-0"]
[WhiteElo "2112"]
[BlackElo "1700"]
[EventDate "2012.10.12"]
[PlyCount "65"]

1.d4 e6 2.c4 d5 3.Nc3 Be7 4.cxd5 exd5 5.Bf4 c6 6.e3 Nf6 7.Bd3 Nbd7 8.Qc2 
O-O 9.Nge2 Re8 10.O-O Nf8 11.Rad1 Ng6 12.Bg3 Bd6 13.Bxd6 Qxd6 14.Ng3 Be6 
15.f3 Rad8 16.Qf2 Qd7 17.Bc2 Qc7 18.e4 dxe4 19.fxe4 Bc4 20.e5 Nd5 21.Rfe1 
Nxc3 22.bxc3 Qa5 23.Ne4 Re7 24.h4 h6 25.Re3 Qxa2 26.h5 Nf4 27.Rd2 Ne2+ 28.
Rdxe2 Bxe2 29.Rxe2 Qe6 30.Re3 Rd5 31.Rg3 Ra5 32.Nf6+ Kh8 33.Rxg7 1-0

[Event "21st Panam-ch"]
[Site "Mar del Plata ARG"]
[Date "2012.10.15"]
[Round "5.74"]
[White "Monteiro, Marcos Paul de Souza"]
[Black "Aguero Arce, Matias"]
[Result "1/2-1/2"]
[WhiteElo "2040"]
[BlackElo "1633"]
[EventDate "2012.10.12"]
[PlyCount "115"]

1.d4 Nf6 2.c4 e6 3.Nf3 Bb4+ 4.Bd2 Qe7 5.a3 Bxd2+ 6.Qxd2 d5 7.cxd5 exd5 8.
e3 Bf5 9.Nc3 O-O 10.Bd3 Bxd3 11.Qxd3 c6 12.O-O Nbd7 13.b4 b5 14.Ne2 Nb6 
15.Ne5 Rac8 16.Qf5 Qe6 17.Qxe6 fxe6 18.Nf4 Rfe8 19.Nfd3 Ne4 20.Ra2 Nd6 21.
Nc5 Ndc4 22.Ncd3 Nxe5 23.Nxe5 Nc4 24.Nd3 e5 25.dxe5 Nxe5 26.Nc5 Nc4 27.a4 
bxa4 28.Rxa4 Rb8 29.Nd3 Re7 30.Rfa1 Rbb7 31.Ra6 Rec7 32.Kf1 h6 33.Ke2 Kh7 
34.Kd1 Kg8 35.Kc2 Nd6 36.Kb3 Nc8 37.Rc1 Rb6 38.Nc5 Ne7 39.Rca1 Rxa6 40.
Rxa6 Kf7 41.e4 dxe4 42.Nxe4 Nd5 43.Kc4 Ke7 44.Kc5 Kd7 45.g3 Ne7 46.Nd2 Rb7
47.Nc4 Rb5+ 48.Kd4 Rxb4 49.Rxa7+ Ke6 50.Ra5 Rb5 51.Rxb5 cxb5 52.Nb2 Kf5 
53.Kc5 Kg4 54.Kxb5 Kh3 55.Kc5 Kxh2 56.Kd6 Nf5+ 57.Ke6 Nxg3 58.Kf7 1/2-1/2

[Event "21st Panam-ch"]
[Site "Mar del Plata ARG"]
[Date "2012.10.15"]
[Round "5.79"]
[White "Morales, Guillermo"]
[Black "Fonseca, Luis Ernesto Serra"]
[Result "0-1"]
[WhiteElo "1779"]
[BlackElo "2096"]
[EventDate "2012.10.12"]
[PlyCount "70"]

1.f4 e5 2.fxe5 d6 3.exd6 Bxd6 4.Nf3 g5 5.d4 g4 6.Ne5 c5 7.g3 cxd4 8.Qxd4 
Qa5+ 9.Bd2 Qxe5 10.Bc3 Qxd4 11.Bxd4 f6 12.e4 Nc6 13.Bc3 Be5 14.Bc4 Nd4 15.
Bd3 h5 16.Nd2 Be6 17.O-O Nh6 18.Rac1 Nf7 19.Nc4 Nf3+ 20.Kg2 Bxc3 21.bxc3 
Bxc4 22.Bxc4 Rc8 23.Bb5+ Ke7 24.Rfd1 N7e5 25.Rb1 Rxc3 26.Ba4 b6 27.Rb4 Rd8
28.Rxd8 Kxd8 29.Bb3 Kc7 30.Rb5 Ne1+ 31.Kg1 Nxc2 32.Rd5 Rxb3 33.axb3 Ne3 
34.Rb5 Kc6 35.Rb4 b5 0-1

[Event "21st Panam-ch"]
[Site "Mar del Plata ARG"]
[Date "2012.10.15"]
[Round "5.80"]
[White "Desanzo, Juan Carlos"]
[Black "Okamura, Milton Kasuo"]
[Result "0-1"]
[WhiteElo "1604"]
[BlackElo "2092"]
[EventDate "2012.10.12"]
[PlyCount "83"]

1.d4 d5 2.c4 c6 3.Nf3 Nf6 4.Nc3 e6 5.Bg5 h6 6.Bf4 dxc4 7.a4 Bb4 8.e3 b5 9.
axb5 cxb5 10.Bxb8 Rxb8 11.Rxa7 Nd5 12.Qa1 Qb6 13.Ra2 O-O 14.Be2 Bb7 15.O-O
Ra8 16.Rc1 Bd6 17.Nd2 e5 18.Bf3 Nb4 19.Rxa8 Rxa8 20.Qb1 exd4 21.Bxb7 Qxb7 
22.exd4 Nd3 23.Rd1 Bb4 24.Qc2 Re8 25.Kf1 g5 26.Nf3 Bxc3 27.bxc3 Qd5 28.Qd2
Kg7 29.Ne1 Nf4 30.Nf3 Nd3 31.Ne1 Nf4 32.Nf3 Qa8 33.Re1 Rxe1+ 34.Nxe1 Qa1 
35.g3 Nd5 36.Ke2 Qxc3 37.Nc2 Qxd2+ 38.Kxd2 b4 39.Ne3 Nxe3 40.fxe3 f5 41.g4
fxg4 42.e4 0-1

[Event "21st Panam-ch"]
[Site "Mar del Plata ARG"]
[Date "2012.10.15"]
[Round "5.81"]
[White "Mendez, Nicolas"]
[Black "Romero, Fabian"]
[Result "1-0"]
[WhiteElo "1744"]
[BlackElo "2058"]
[EventDate "2012.10.12"]
[PlyCount "59"]

1.c4 e6 2.b3 Qf6 3.Nc3 d5 4.cxd5 exd5 5.Bb2 c6 6.Qc1 Qd8 7.g3 Nf6 8.Bg2 
Bf5 9.d3 d4 10.Nb1 Bb4+ 11.Nd2 Qe7 12.Qc4 Bxd2+ 13.Kxd2 O-O 14.Bxd4 Nbd7 
15.Re1 Qa3 16.Qa4 Qxa4 17.bxa4 Rfd8 18.Rb1 Nb6 19.Nf3 Nc4+ 20.Kc1 Nb6 21.
a5 Nbd7 22.Rxb7 Rdb8 23.a6 Nb6 24.Bxf6 gxf6 25.Nd4 Bd7 26.a4 Nxa4 27.Rxd7 
Rb6 28.Bxc6 Rc8 29.Kd2 Rxa6 30.Bb7 1-0

[Event "21st Panam-ch"]
[Site "Mar del Plata ARG"]
[Date "2012.10.15"]
[Round "5.82"]
[White "Sepulveda Perez, Jorge Eduardo"]
[Black "Besso, Javier Alejandro"]
[Result "0-1"]
[WhiteElo "1953"]
[BlackElo "1751"]
[EventDate "2012.10.12"]
[PlyCount "100"]

1.e4 c5 2.Nf3 d6 3.c3 Nf6 4.Bd3 Nc6 5.Bc2 g6 6.d4 cxd4 7.cxd4 Bg7 8.Nc3 
O-O 9.h3 a6 10.O-O b5 11.Re1 Qc7 12.a3 Bb7 13.Bg5 Na5 14.Bd3 h6 15.Be3 Nc4
16.Bxc4 bxc4 17.d5 Nd7 18.Qd2 Kh7 19.Bd4 Ne5 20.Nxe5 dxe5 21.Be3 f5 22.f3 
f4 23.Bf2 Bc8 24.Na4 Rb8 25.Rac1 Rd8 26.Red1 Bf8 27.Qe2 Bd7 28.Nc5 Qa5 29.
Nxd7 Rxd7 30.Rxc4 Qb5 31.Rc2 Qxe2 32.Rxe2 Rb3 33.Bc5 Rb5 34.b4 a5 35.Kf2 
Bg7 36.Rdd2 axb4 37.Bxb4 Bf6 38.Rc2 Bh4+ 39.Kf1 e6 40.d6 Rxd6 41.Rc7+ Kg8 
42.Rc8+ Kf7 43.Rec2 Rd7 44.Rf8+ Kg7 45.Rcc8 Be7 46.Rb8 Bxb4 47.axb4 Rdb7 
48.Rg8+ Kf6 49.Rgf8+ Kg5 50.h4+ Kh5 0-1

[Event "21st Panam-ch"]
[Site "Mar del Plata ARG"]
[Date "2012.10.15"]
[Round "5.83"]
[White "Epelboin, Matias"]
[Black "Besso, Guadalupe"]
[Result "1-0"]
[WhiteElo "1941"]
[BlackElo "1730"]
[EventDate "2012.10.12"]
[PlyCount "79"]

1.e4 c5 2.Nf3 d6 3.d4 cxd4 4.Nxd4 Nf6 5.Nc3 g6 6.Be3 Bg7 7.f3 O-O 8.Qd2 
Nc6 9.Bc4 Bd7 10.O-O-O Rc8 11.Bb3 Ne5 12.h4 h5 13.Bg5 Rc5 14.g4 hxg4 15.f4
Nc4 16.Qe2 Qc8 17.Bxf6 Bxf6 18.Nd5 Rxd5 19.exd5 b5 20.h5 g5 21.fxg5 Bxg5+ 
22.Kb1 f5 23.h6 a5 24.a4 Ne3 25.Rh5 Bf4 26.Rd3 Be8 27.Rh1 Qc5 28.Ne6 Qb4 
29.Rd4 Nc4 30.Nxf4 Na3+ 31.bxa3 Qxd4 32.Ne6 Qf6 33.Nxf8 Qxf8 34.axb5 a4 
35.Bxa4 Kh8 36.h7 Qg7 37.Qe6 f4 38.Qg8+ Qxg8 39.hxg8=Q+ Kxg8 40.b6 1-0

[Event "21st Panam-ch"]
[Site "Mar del Plata ARG"]
[Date "2012.10.15"]
[Round "5.84"]
[White "Ortiz, Jorge"]
[Black "Beron, Ricardo"]
[Result "1-0"]
[WhiteElo "1932"]
[BlackElo "1703"]
[EventDate "2012.10.12"]
[PlyCount "111"]

1.e4 d6 2.d4 Nf6 3.Nc3 g6 4.Nf3 Bg7 5.Be2 O-O 6.O-O c6 7.h3 b5 8.a3 a5 9.
e5 dxe5 10.Nxe5 Nd5 11.Nxd5 Qxd5 12.Bf3 Qe6 13.Re1 Bxe5 14.Rxe5 Qd7 15.
Rxb5 cxb5 16.Bxa8 Nc6 17.c3 Ba6 18.Bxc6 Qxc6 19.Bh6 Rd8 20.Qe1 Bb7 21.f3 
Qf6 22.Qg3 Qd6 23.Bf4 Qd7 24.Re1 Re8 25.Re5 Kh8 26.Rc5 Bc6 27.h4 Rg8 28.
Qg5 f6 29.Qg3 Bd5 30.Bh6 Qe6 31.Rxb5 g5 32.hxg5 fxg5 33.Qe5+ Qxe5 34.dxe5 
e6 35.Rxa5 Rg6 36.Bf8 h5 37.Be7 h4 38.Ra4 Kg8 39.Rg4 Kf7 40.Bxg5 h3 41.Bf6
Rxg4 42.fxg4 Bxg2 43.c4 Ke8 44.b4 Kd7 45.g5 Be4 46.Kh2 Bf5 47.a4 Kc6 48.
Be7 Kb6 49.a5+ Ka6 50.Bd8 Kb7 51.b5 Ka7 52.c5 Ka8 53.c6 Kb8 54.b6 Be4 55.
c7+ Kc8 56.a6 1-0

[Event "21st Panam-ch"]
[Site "Mar del Plata ARG"]
[Date "2012.10.15"]
[Round "5.86"]
[White "Bigoria Escobedo, Raul"]
[Black "Ezcurra, Mariano"]
[Result "0-1"]
[WhiteElo "1868"]
[BlackElo "1560"]
[EventDate "2012.10.12"]
[PlyCount "64"]

1.d4 Nf6 2.Nf3 g6 3.Bf4 Bg7 4.c3 d6 5.e3 Nbd7 6.Bc4 a6 7.a4 c5 8.O-O O-O 
9.Nbd2 h6 10.dxc5 Nxc5 11.b4 Nce4 12.Qc2 Nxd2 13.Nxd2 Nh5 14.Bg3 Nxg3 15.
hxg3 d5 16.Bd3 Bd7 17.Rac1 Rc8 18.Qb3 Be6 19.Qa3 Rc7 20.Rc2 Qa8 21.Rfc1 b5
22.axb5 axb5 23.Qxa8 Rxa8 24.Bxb5 Bf5 25.e4 dxe4 26.c4 e3 27.fxe3 Bxc2 28.
Rxc2 Rb8 29.Ra2 Bc3 30.Nb3 Bxb4 31.Ra4 Bc5 32.Kf2 Bb6 0-1

[Event "21st Panam-ch"]
[Site "Mar del Plata ARG"]
[Date "2012.10.15"]
[Round "5.87"]
[White "Alvarez, Agustin"]
[Black "Romero Kries, Mario Andres"]
[Result "1-0"]
[WhiteElo "1863"]
[BlackElo "1645"]
[EventDate "2012.10.12"]
[PlyCount "59"]

1.e4 c5 2.Nf3 d6 3.g3 Nf6 4.d3 Nc6 5.Bg2 e6 6.O-O Be7 7.c3 O-O 8.Re1 Qc7 
9.d4 Rd8 10.Qc2 Rb8 11.dxc5 dxc5 12.e5 Nd5 13.Qe4 Bd7 14.Ng5 Bxg5 15.Bxg5 
f6 16.exf6 Nxf6 17.Qe2 Qb6 18.Na3 a6 19.Nc4 Qa7 20.Bf4 Ra8 21.Bc7 Rdc8 22.
Bb6 Qb8 23.Bxc5 Na5 24.Bd6 Qa7 25.Nxa5 Re8 26.Bxb7 Bb5 27.c4 Rad8 28.cxb5 
Rxd6 29.bxa6 Rf8 30.Qe3 1-0

[Event "21st Panam-ch"]
[Site "Mar del Plata ARG"]
[Date "2012.10.15"]
[Round "5.96"]
[White "Etchevest, Marcelo"]
[Black "Bidigaray, Marcio"]
[Result "1-0"]
[WhiteElo "1744"]
[BlackElo "1715"]
[EventDate "2012.10.12"]
[PlyCount "87"]

1.e4 e5 2.Bc4 Nc6 3.Nc3 Nf6 4.d3 Na5 5.Bb3 Nxb3 6.axb3 Bb4 7.Nf3 d6 8.O-O 
O-O 9.Nd5 Nxd5 10.exd5 c5 11.c3 Ba5 12.Ng5 Bc7 13.f4 h6 14.Ne4 f5 15.Ng3 
Qh4 16.Be3 Bd7 17.Qh5 Qxh5 18.Nxh5 Be8 19.Ng3 Bd7 20.fxe5 dxe5 21.Bxc5 Rf7
22.c4 b6 23.Bb4 a5 24.Bc3 Rc8 25.b4 Rb8 26.b3 g6 27.Rfb1 axb4 28.Bxb4 f4 
29.Ne4 Bg4 30.Kf2 Bd8 31.Bd6 Bh4+ 32.Kf1 Re8 33.b4 f3 34.g3 Bh3+ 35.Kf2 
Be7 36.Ra7 Bf5 37.Bxe7 Bxe4 38.dxe4 Rexe7 39.Rxe7 Rxe7 40.Kxf3 Rc7 41.Rc1 
Kf7 42.Ke2 Re7 43.Kd2 Ra7 44.c5 1-0